00235nam a2200097Ia 4500008004100000082001400041100001700055245003500072260001700107600001300124241002s9999 xx 000 0 und d a241.2 FIE aField, Claud 4aThe Confessions of Al Ghazzali aLahore:cN/A aReligion